Mechanical Engineering: Fundamentals (Record no. 183829)

MARC details
000 -LEADER
fixed length control field 00544nam a22001817a 4500
005 - DATE AND TIME OF LATEST TRANSACTION
control field 20220104163158.0
010 ## - LCCN (DPL NO)
LC control number ENG-130941
020 ## - INTERNATIONAL STANDARD BOOK NUMBER
International Standard Book Number 978-93-89583-67-0
Terms of availability 475.00
035 ## - SYSTEM CONTROL NUMBER
System control number EN-114473
037 ## - SOURCE OF ACQUISITION
Source of stock number/acquisition DBAD
082 ## - DEWEY DECIMAL CLASSIFICATION NUMBER
Classification number 621
100 ## - MAIN ENTRY--PERSONAL NAME
Personal name Vashist Devendra
245 ## - TITLE STATEMENT
Title Mechanical Engineering: Fundamentals
Statement of responsibility, etc Devendra Vashist
260 ## - PUBLICATION, DISTRIBUTION, ETC. (IMPRINT)
Place of publication, distribution, etc New Delhi
Name of publisher, distributor, etc I.K. International PVT. Ltd.,
Date of publication, distribution, etc 2019
270 ## - ADDRESS
City New Delhi
Postal code 110002
Address I.K. International PVT. Ltd,
300 ## - PHYSICAL DESCRIPTION
Extent v, 432p
Dimensions 24cm(pbk)
942 ## - ADDED ENTRY ELEMENTS (KOHA)
Source of classification or shelving scheme Dewey Decimal Classification
Item type English Books
Classification part 621
Call number suffix VAS
Holdings
Withdrawn status Lost status Not for loan Collection code Home library Current library Date acquired Source of acquisition Cost, normal purchase price Full call number Barcode Copy number Cost, replacement price Koha item type
      Non-fiction Central Library Central Library 04/01/2022 DBAD/PUB 475.00 621 VAS EN-114473 1 475.00 English Books

© Delhi Public Library
Hit Counter
free hit counter